000
00269nam a22001337a 4500
008
210302b ||||| |||| 00| 0 eng d
020
_a
9781946020079
041
_a
eng
080
_a
34
100
_a
13
101
_a
JUR
245
_a
MPRE
_c
Themis
942
_2
udc
_c
BK
999
_c
55434
_d
55434